Rihanna

Bibliographic Details
Main Author: Rose, Ella
Format: Book
Published: New York : Gareth Stevens Publishing , 2012
Series:Hip-hop headliners
Subjects:

MARC

LEADER 00000cam a2200000 7i4500
001 0000160508
005 20120808.0
020 |a 9781433966163 
090 0 0 |a 782.421649092   |b HIP 
100 1 |a Rose, Ella 
245 1 0 |a Rihanna   |c Ella Rose 
260 |a New York :   |b Gareth Stevens Publishing ,   |c 2012 
300 |a 32p. :   |b ill. ;   |c 24cm. 
490 0 |a Hip-hop headliners 
600 0 0 |a Rihanna,1988-   |x Juvenile literature 
650 0 0 |a Singers   |x Biography   |x Juvenile literature 
999 |a 00262265   |b BUKU   |c JUNIOR BOOKS   |e PERPUSTAKAAN KOMUNITI PETALING JAYA